Surface water run-off in the code for sustainable homes (Record no. 115008)
[ view plain ]
| 000 -LEADER | |
|---|---|
| fixed length control field | 00809cam a22002655a 4500 |
| 001 - CONTROL NUMBER | |
| control field | L157872 |
| 008 - FIXED-LENGTH DATA ELEMENTS--GENERAL INFORMATION | |
| fixed length control field | 130621s2013 xxk f 000 0 eng d |
| 020 ## - INTERNATIONAL STANDARD BOOK NUMBER | |
| International Standard Book Number | 9781848063273 |
| 035 ## - SYSTEM CONTROL NUMBER | |
| System control number | (Sirsi) u157872 |
| 041 0# - LANGUAGE CODE | |
| Language code of text/sound track or separate title | eng |
| 100 1# - MAIN ENTRY--PERSONAL NAME | |
| Personal name | HARDY, C. |
| 245 00 - TITLE STATEMENT | |
| Title | Surface water run-off in the code for sustainable homes |
| 260 ## - PUBLICATION, DISTRIBUTION, ETC. | |
| Place of publication, distribution, etc. | Watford : BRE, 2013 |
| 300 ## - PHYSICAL DESCRIPTION | |
| Extent | 6p. : ill. ; 30cm. |
| 490 #0 - SERIES STATEMENT | |
| Series statement | BRE Information Paper |
| Volume/sequential designation | (6/13) |
| 520 ## - SUMMARY, ETC. | |
| Summary, etc. | Explains the mandatory surface water run-off requirements for new developments specified in the Code for Sustainable Homes. |
| 521 ## - TARGET AUDIENCE NOTE | |
| Target audience note | KA |
| 650 24 - SUBJECT ADDED ENTRY--TOPICAL TERM | |
| Topical term or geographic name entry element | SUSTAINABLE HOUSING |
| 650 24 - SUBJECT ADDED ENTRY--TOPICAL TERM | |
| Topical term or geographic name entry element | CODE FOR SUSTAINABLE HOMES |
| 651 #4 - SUBJECT ADDED ENTRY--GEOGRAPHIC NAME | |
| Geographic name | ENGLAND AND WALES |
| 690 ## - LOCAL SUBJECT ADDED ENTRY--TOPICAL TERM (OCLC, RLIN) | |
| Topical term or geographic name as entry element | SURFACE WATER |
| 700 1# - ADDED ENTRY--PERSONAL NAME | |
| Personal name | McCarrick, Sarah |
| 700 1# - ADDED ENTRY--PERSONAL NAME | |
| Personal name | Yates, Alan |
| 942 ## - ADDED ENTRY ELEMENTS (KOHA) | |
| Suppress in OPAC | 0 |
| Withdrawn status | Lost status | Source of classification or shelving scheme | Damaged status | Not for loan | Home library | Current library | Shelving location | Date acquired | Total Checkouts | Full call number | Barcode | Date last seen | Copy number | Price effective from | Koha item type |
|---|---|---|---|---|---|---|---|---|---|---|---|---|---|---|---|
| Dewey Decimal Classification | London | London | BRE publications | 21/06/2013 | BRE LONDON | 30075221 | 06/08/2019 | 1 | 06/08/2019 | Book |